Utopía /

保存先:
書誌詳細
第一著者: Moro, Tomás, Santo (autor)
その他の著者: Alcalá, Manuel (prólogo) (prólogo)
フォーマット: 図書
言語:スペイン語
出版事項: México : Porrúa, 1975, c1975
シリーズ:(Sepan Cuántos ; 282)
主題:
タグ: タグ追加
タグなし, このレコードへの初めてのタグを付けませんか!

MARC

LEADER 00000nam^a2200000^a^4500
001 000008851
005 20250521000000.0
009 20260310083604.316
037 |a Acervo ITESO - Biblioteca 
041 |a ESP 
082 |a 082.  |b POR V. 282 
100 |a Moro, Tomás,  |c Santo  |e (autor) 
240 1 1 |a [Utopía] 
245 1 0 |a Utopía /  |c T. Moro ; pról. de M.Alcalá. 
264 4 |a México :  |b Porrúa,  |c 1975, c1975 
300 |a XLVII, 85 p., [7] láminas 
336 |a texto  |b txt  |2 rdacontenido 
337 |a sin mediación  |b n  |2 rdamedio 
338 |a volumen  |b nc  |2 rdasoporte 
440 1 |a (Sepan Cuántos ;  |v 282) 
500 |a Traducción de: De optimo rei publicae statu deque nova insula Utopia 
545 0 |a Tomás Moro fue un político y humanista inglés nacido en Londres, en 1478. Estudió un par de años en la Universidad de Oxford, pero se graduó como jurista en el colegio Lincoln's Inn. Ejerció como abogado y su experiencia como, así como su relación intelectual con humanistas como Erasmo de Rotterdam y John Skelton, le hicieron reflexionar sobre la injusticia en el mundo, llegando a adoptar posturas audaces contra la tiranía. Como escritor y traductor ganó cierta fama y, cuando Enrique VIII inició su reinado, Moro escribió para él un poema; éste llegó a manos del rey y fue motivo para que iniciara una amistad entre ellos. Su valía intelectual, diplomacia y tacto fueron utilizados por Enrique VIII confiándole misiones diplomáticas; tabién lo ayudó a conservar la unidad de la Iglesia en Inglaterra, rechazando las doctrinas de Lutero. Razones de conciencia llevaron a Moro a romper su amistad con el rey cuando éste quiso anular su matrimonio con Catalina de Aragón, rompió las relaciones con el Papado, se apropió de los bienes de los monasterios y exigió al clero sumisión a su autoridad, en 1532. Siendo un católico ferviente, Moro rechazó reconocer como legítimo el nuevo matrimonio del rey y se negó a firmar el Acta de Supremacía que establecía al rey como cabeza de la Iglesia de Inglaterra; fue apresado y decapitado un año después, el 6 de julio de 1535. La Iglesia Católica lo canonizó en 1935; la Iglesia anglicana, por su parte, lo considera un mártir de la Reforma protestante y lo incluyó en la lista de santos y héroes cristianos en 1980. Su obra cumbre fue Utopía (1516), en la que aborda temas sociales y le mereció reconocimiento en toda Europa; sus escritos son muy diversos: poemas, traducciones y la historia de Ricardo III; en todas ellas es evidente un ensalzamiento del idealismo y la condena de la tiranía, imaginando como antítesis una comunidad perfecta. 
649 |a XX 
650 |a Inglaterra -  |x Historia -  |y Enrique VIII, 1509-1547 -  |x Tema Principal 
650 |a Inglaterra -  |x Historia -  |y Siglo XVI 
650 |a Inglaterra -  |x Historia -  |y Dinastía Tudor, 1485-1603 
650 |a Inglaterra -  |x Historia -  |y 1066-1603 
650 |a Inglaterra -  |x Historia -  |y Período Medieval y Renacentista, 1066-1649 
650 |a Utopía -  |x Tema Principal 
650 |a República 
650 |a Estado, El -  |x Filosofía 
650 |a Política -  |z Inglaterra -  |x Historia 
650 |a Política -  |x Teoría 
650 |a Filosofía Política 
650 |a Filosofía del Renacimiento -  |x Tema Principal 
650 |a Filosofía Inglesa 
700 |a Alcalá, Manuel  |e (prólogo) 
910 |a Fondo General 
920 |a Impresos - Libros 
930 |a Colección General 
940 |a Literatura 
905 |a 101 
901 |a 0088510100  |b IT1  |c LIT  |i 008851  |u 20250521 
902 |a https://opac.biblio.iteso.mx/vufind/Record/000008851